000 00604nam a2200241Ia 4500
003 OSt
005 20221007075822.0
006 a|||||r|||| 00| 0
007 ta
008 221006b |||||||| |||| 00| 0 eng d
024 _a44,389
037 _cTextual
040 _aFLL
_cFLL
_beng
041 _2eng
_aeng
082 _aL:(Z), Q4
100 _aKANNAN K.
_9428506
245 0 _aMedicine and law
250 _a1st
260 _aNew Delhi
_bOxford University Press India
_c2014
300 _aix,595p.
_ccm.
942 _hL:(Z), Q4
_cTEXL
_2CC
999 _c1157467
_d1157467